[Event "Prague Festival Challengers 2020"]
[Site "Prague"]
[Date "2020.02.14"]
[Round "3.1"]
[White "Piorun, Kacper"]
[Black "Esipenko, Andrey"]
[Result "0-1"]
[WhiteElo "2611"]
[BlackElo "2654"]
[Annotator "TA"]
[PlyCount "128"]
[EventDate "2020.02.12"]
[EventType "tourn"]
[EventCountry "CZE"]
[SourceTitle "playchess.com"]
[Source "ChessBase"]
[SourceQuality "1"]

{[%evp 15,128,38,44,13,6,19,17,15,25,8,16,1,0,6,10,14,7,2,36,0,51,51,48,56,54,2,7,15,66,82,81,77,102,95,139,152,206,200,202,204,239,244,261,172,162,175,242,229,302,303,360,186,173,158,150,50,42,46,214,222,185,0,0,0,52,0,19,19,19,30,22,22,22,22,22,37,51,56,47,0,0,-54,-31,-564,-564,-562,-560,-554,-546,-967,-966,-968,-930,-883,-801,-822,-797,-1512,-1302,-1130,-1113,-29988,-29989,-29989,-29987,-29987,-29983,-29988,-29989,-29989,-29990,-29990,-29988,-29990,-29990]} 1. e4 e5 2. Nf3 Nc6 3. Bb5 a6 4. Ba4 Nf6 5. O-O b5 6. Bb3 Bc5 7. a4 Rb8 8. axb5 axb5 {[#]} 9. Nxe5 $1 {[%mdl 576] Remove Defender. C78: Ruy Lopez: Archangelsk and Möller Defences.} Nxe5 10. d4 {[#]} Bxd4 $1 {[%mdl 512]} 11. Qxd4 {The position is equal.} d6 12. f4 Nc6 13. Qc3 {aiming for e5.} Ne7 14. e5 Ne4 $1 {[%cal Re4c3]} 15. Qe1 Nc5 16. Ba2 $36 {[%mdl 2048] Black should prevent f5! White is more active.} Bf5 {[#]} 17. Be3 $5 $146 {[%mdl 8] An interesting novelty.} ({Predecessor:} 17. Nc3 b4 18. Nd5 b3 19. Nxe7 Qxe7 20. exd6 Qxe1 21. Rxe1+ Kd7 22. Bxb3 Nxb3 23. cxb3 Kxd6 {½-½ (33) Heberla,B (2546)-Shirov,A (2639) Sweden 2018}) 17... Ne6 (17... O-O $11) 18. exd6 $14 Qxd6 19. Qf2 O-O 20. Bb3 (20. h3 $14) 20... Rfd8 $11 21. Nc3 Qc6 (21... Nd4 $11) 22. h3 $14 h5 23. Ra5 Qe8 24. Re1 c6 25. Qh4 Ng6 (25... Bg6 $16 26. g4 c5 27. Bxe6 (27. gxh5 Nf5 $16) 27... fxe6) 26. Qxh5 $18 Nd4 27. Ra7 Nxb3 28. Bf2 $1 ({Weaker is} 28. Qxf5 Nd4 $14) (28. cxb3 $6 Rd3 $16) 28... Qf8 29. cxb3 Bc2 30. f5 Nf4 (30... b4 $142) 31. Qf3 Nd5 {[%cal Bf4d5,Bd5b4,Bb4c2,Bc2d4][%mdl 32]} 32. Rc1 Nb4 33. Rxc2 (33. Na2 $142) 33... Nxc2 34. Ne4 $1 ({Not} 34. Qxc6 Nd4 $15) 34... Ra8 {[#] Strongly threatening ...Rxa7.} 35. Bc5 (35. Qg4 $1 $16 {[%mdl 512] Intending Nf6+ and mate.} f6 36. Rc7) 35... Qxc5+ $1 $14 36. Nxc5 Nd4 $2 (36... Rxa7 $14 37. Qe4 Nd4) 37. Qg4 $18 Rxa7 {[#]} 38. f6 $2 ({White must play} 38. Ne4 $1 $18) 38... g6 $1 $11 {Hoping for ...Nf5.} 39. Kh2 Nf5 ({Better is} 39... Raa8 $11) 40. Qe2 (40. Qf4 $14) 40... Ra1 41. g4 Rh1+ 42. Kg2 Rhd1 $1 {[%cal Rd1d2]} 43. Ne4 ({Don't go for} 43. gxf5 $2 R1d2 $19) 43... Nh4+ $1 44. Kg3 g5 $1 45. Nxg5 Ng6 46. Nf3 $1 R1d6 $1 47. Qe3 {Threatens to win with Qg5.} Rxf6 48. h4 ({White should play} 48. Qg5 $11 Rdd6 49. Nd4) 48... Re6 $1 $15 {[%cal Re6e3]} 49. Qg5 $2 {[%mdl 8192]} (49. Qc3 $1 $15) 49... Rd5 $19 50. Qc1 Rd3 51. Kg2 {intending h5.} Rf6 {And now ...Nf4+ would win.} 52. Ng5 Nxh4+ 53. Kg1 Rg3+ 54. Kh2 Rxg4 {( -> ...Rg6)} 55. Kh3 Rgf4 56. Qe1 Ng6 57. Qe8+ Kg7 58. Nxf7 Rxf7 {Black mates.} 59. Qxc6 Rf3+ 60. Kh2 Rxb3 61. Kg1 Rg3+ 62. Kh2 Rg5 63. Qc3+ Ne5 64. b4 Kh8 {Accuracy: White = 58%, Black = 78%.} 0-1

[Event "Prague Festival Challengers 2020"]
[Site "Prague"]
[Date "2020.02.14"]
[Round "3.2"]
[White "Bartel, Mateusz"]
[Black "Nguyen, Thai Dai Van"]
[Result "1/2-1/2"]
[WhiteElo "2639"]
[BlackElo "2560"]
[Annotator "TA"]
[PlyCount "91"]
[EventDate "2020.02.12"]
[EventType "tourn"]
[EventCountry "CZE"]
[SourceTitle "playchess.com"]
[Source "ChessBase"]
[SourceQuality "1"]

{[%evp 9,91,-10,10,8,9,9,7,9,19,19,14,14,19,-22,-23,-21,-18,-21,-23,-23,-23,-12,-25,-18,-17,-16,-16,-32,-10,-14,-2,-15,-7,-7,-13,-46,0,0,0,-7,12,8,8,8,8,8,13,15,18,7,7,7,7,7,7,6,8,8,8,8,8,8,8,8,6,6,10,8,17,0,0,0,8,8,8,8,8,8,8,8,8,0,0,0]} 1. d4 Nf6 2. c4 e6 3. Nf3 d5 4. Bg5 dxc4 5. e4 c5 6. Nc3 {D30: Queen's Gambit Declined: Systems without Nc3.} cxd4 7. Qxd4 Qxd4 8. Nxd4 Bb4 9. f3 Bd7 10. Bxc4 O-O {[#]} 11. O-O-O $146 ({Predecessor:} 11. Nde2 Rc8 12. Bb3 Nc6 13. O-O-O Be8 14. a3 Bf8 15. Kb1 b5 16. Rc1 Rab8 17. Na2 {½-½ (30) Diermair,A (2508)-Schnider,G (2422) Vienna 2018}) 11... Rc8 {[#] aiming for ...Bxc3.} 12. Be2 Bxc3 13. bxc3 Rxc3+ 14. Kb2 Rc8 15. Rc1 Rxc1 16. Rxc1 Nc6 17. Nb5 Kf8 18. g4 h6 19. Be3 b6 20. h4 Ke7 21. g5 hxg5 22. Bxg5 Kf8 (22... a6 $5 {[%cal Ra6b5]} 23. Nc3 b5 $11) 23. Rd1 {[#] Hoping for Bxf6.The position is equal.} Be8 24. Nd6 e5 25. Bxf6 gxf6 26. Bb5 Nd4 27. Nxe8 Nxb5 28. Nxf6 $11 {[%mdl 4096] Endgame KRN-KRN} Ke7 29. Nd5+ Kf8 $1 30. h5 {Strongly threatening h6.} Kg7 31. Rg1+ Kh6 32. Nf6 Nd4 33. Ng4+ Kxh5 34. Nxe5 f6 35. Nd7 Nxf3 36. Nxf6+ Kh6 37. Rg3 Nd4 38. Rd3 Kg6 39. Nd7 Ne6 40. Rd6 Kf7 41. Ne5+ Ke7 42. Rd7+ Kf6 43. Nc6 Nc5 44. e5+ Kf5 45. Rf7+ Ke4 46. Rxa7 {Accuracy: White = 97%, Black = 97%.} 1/2-1/2

[Event "Prague Festival Challengers 2020"]
[Site "Prague"]
[Date "2020.02.14"]
[Round "3.3"]
[White "Stefansson, Hannes"]
[Black "Cernousek, Lukas"]
[Result "1-0"]
[WhiteElo "2529"]
[BlackElo "2442"]
[Annotator "TA"]
[PlyCount "101"]
[EventDate "2020.02.12"]
[EventType "tourn"]
[EventCountry "CZE"]
[SourceTitle "playchess.com"]
[Source "ChessBase"]
[SourceQuality "1"]

{[%evp 23,101,0,16,4,22,16,11,12,5,18,1,10,27,0,0,0,-12,-34,-32,-39,-30,-64,-64,-66,-68,-73,-75,-68,-81,-72,-79,-79,-67,-69,-77,-75,-73,-103,-97,-95,-77,-99,-67,-75,-12,-33,-27,-14,-12,-12,-10,-60,-51,-59,-58,-39,167,172,172,172,172,174,174,174,175,129,541,668,554,420,1193,1080,1195,1047,5527,5206,6079,6033,1401,1327]} 1. e4 e6 2. d4 d5 3. Nc3 Nf6 4. e5 Nfd7 5. f4 c5 6. Nf3 Nc6 7. Be3 cxd4 8. Nxd4 Qb6 9. Qd2 Qxb2 10. Rb1 Qa3 11. Bb5 Nxd4 12. Bxd4 Bb4 13. Rb3 {C11: French: Classical System: 4 e5 and 4 Bg5 dxe4.} Qa5 14. a3 Be7 15. f5 {The position is equal.} exf5 16. Nxd5 Qxd2+ 17. Kxd2 Bd8 {[#]} 18. Rf1 $1 $146 {[%mdl 8] An important novelty.} ({Predecessor:} 18. Rc3 Ba5 19. Nc7+ Bxc7 20. Rxc7 Kd8 21. Rc3 Nf8 22. Bc5 Bd7 23. Bxf8 Bxb5 24. Bxg7 {1-0 (37) Svidler,P (2735)-Meier,G (2628) Karlsruhe/Baden Baden 2019}) 18... a6 19. Bd3 Nf8 20. Bb6 {[#] Threatens to win with Bxd8.} Be6 $36 {[%mdl 2048] Black is more active.} 21. c4 Nd7 22. Bxd8 Rxd8 23. Rxb7 O-O $1 {aiming for ...Bxd5.} 24. Bxf5 Nxe5 25. Kc3 Bxd5 26. cxd5 Rxd5 27. Rc7 g6 28. Bc2 Rfd8 29. Re1 Kg7 30. Re2 h5 31. Bb3 Rb5 {Hoping for ...Rd3+.} 32. Kc2 Rd7 (32... Rdb8 {feels hotter.} 33. Rc3 f6 34. Rd2 R5b6 35. g3 Ng4) 33. Rxd7 {[#]} Nxd7 $15 {[%mdl 4096] Endgame KRB-KRN} (33... Rc5+ $1 $17 34. Kd2 Nxd7) 34. Re7 $11 Ne5 35. Kc3 Kf6 36. Ra7 Rc5+ 37. Kd4 (37. Kb4 $5 {[%cal Rb4c5]} Rc6 38. Ka5 $11) 37... Ra5 {White must now prevent ...Nc6+.} 38. Rb7 Nc6+ 39. Kc3 Ne5 $2 (39... Nd8 $15 {stays ahead.} 40. Rb6+ Ne6) 40. Rb6+ $18 Ke7 41. Kb4 Rb5+ 42. Rxb5 axb5 43. Kxb5 {KB-KN} Kd6 44. a4 f5 $2 {[%mdl 8192]} (44... Kc7 $16 {is a better chance.} 45. Bd5 Kd6) 45. h4 Kc7 46. Kc5 Kb7 (46... Nd3+ $142 47. Kd4 Ne1) 47. Bd5+ {White is clearly winning.} Ka6 48. Kd4 Nd7 49. Bf7 Nf8 50. Ke5 Ka5 51. Be8 {Accuracy: White = 84%, Black = 66%.} 1-0

[Event "Prague Festival Challengers 2020"]
[Site "Prague"]
[Date "2020.02.14"]
[Round "3.4"]
[White "Krejci, Jan"]
[Black "Abasov, Nijat"]
[Result "1/2-1/2"]
[WhiteElo "2559"]
[BlackElo "2670"]
[Annotator "TA"]
[PlyCount "67"]
[EventDate "2020.02.12"]
[EventType "tourn"]
[EventCountry "CZE"]
[SourceTitle "playchess.com"]
[Source "ChessBase"]
[SourceQuality "1"]

{[%evp 15,67,11,0,0,7,15,9,0,10,0,0,0,-7,-4,0,0,15,9,16,17,25,14,16,28,42,27,46,37,47,35,64,17,14,13,22,22,0,4,19,15,27,8,27,18,19,26,29,41,40,40,41,0,41,0]} 1. d4 Nf6 2. c4 e6 3. Nc3 Bb4 4. Nf3 b6 5. Bd2 Bb7 6. e3 O-O 7. Bd3 d5 8. cxd5 exd5 9. Rc1 {E52: Nimzo-Indian: Rubinstein: 4...0-0 5 Nf3 d5 6 Bd3 b6.} Be7 $1 {[%mdl 4] is more profitable than 9...a6 at the moment.} 10. O-O c5 11. Ne5 {The position is equal.} Nc6 12. Nxc6 Bxc6 13. dxc5 bxc5 14. Ne2 {[#]} Rb8 $146 ({Predecessor:} 14... Qb6 15. Bc3 Bb7 16. Ng3 Rfd8 17. Nf5 Bf8 18. Qa4 Qe6 19. Qh4 Ne4 20. f3 Qxf5 21. fxe4 {1-0 (36) Sek,Z-Goebel,W ICCF corr 1986}) 15. Bc3 Qd6 16. b3 Rfe8 ({But not} 16... d4 17. exd4 Qd5 18. f3 $16) 17. Qc2 g6 18. Rfd1 Ng4 19. Ng3 $1 Ba8 20. Be2 Qe6 21. Ba1 Ne5 22. Bf1 Nd7 23. Qc3 {[%csl Ga1][%cal Rc3h8] [#]} Bf6 24. Qa5 Qb6 25. Qa4 Bxa1 26. Rxa1 Nf6 27. Rac1 a5 28. Be2 Rbc8 29. Qb5 Re6 30. Rc2 Qa7 31. Rdc1 {[%cal Rc2c5]} Rec6 32. Qa4 Qb6 33. Qb5 Qa7 34. Qa4 {Accuracy: White = 94%, Black = 95%.} 1/2-1/2

[Event "Prague Festival Challengers 2020"]
[Site "Prague"]
[Date "2020.02.14"]
[Round "3.5"]
[White "Van Foreest, Jorden"]
[Black "Kriebel, Tadeas"]
[Result "1/2-1/2"]
[WhiteElo "2667"]
[BlackElo "2524"]
[Annotator "TA"]
[PlyCount "82"]
[EventDate "2020.02.12"]
[EventType "tourn"]
[EventCountry "CZE"]
[SourceTitle "playchess.com"]
[Source "ChessBase"]
[SourceQuality "1"]

{[%evp 11,82,0,0,0,7,0,0,10,8,8,15,10,0,0,31,6,0,0,6,0,41,33,40,0,0,0,33,0,0,-90,-89,-95,-93,-87,-92,-114,-108,-116,-112,-117,-121,-113,-122,-118,-116,-117,-102,-145,-139,-147,-150,-134,-141,-154,-156,-144,-142,-120,-90,-90,-90,-99,-39,-39,-39,-39,0,0,0,0,0,0,0]} 1. d4 Nf6 2. Nf3 d5 3. Bf4 e6 4. e3 Bd6 5. Ne5 O-O 6. Nd2 c5 7. c3 {D02: 1 d4 d5 2 Nf3 sidelines, including 2...Nf6 3 g3 and 2...Nf6 3 Bf4.} b6 8. h4 Qc7 9. h5 {[#]} Nbd7 $146 {[%cal Rd7e5]} ({Predecessor:} 9... Nc6 10. Nxc6 Qxc6 11. h6 g6 12. Qf3 Bxf4 13. Qxf4 Nd7 14. Nf3 f6 15. Qg3 c4 {1-0 (47) Naiditsch,A (2687)-Halkias,S (2585) Doha 2016}) 10. Ndf3 {[%cal Bd2f3,Bf3e5,Be5g4,Bg4e3][%mdl 32]} cxd4 (10... h6 {keeps more tension.} 11. Bd3 Bb7 12. g4 cxd4 13. cxd4 Rfc8) 11. exd4 Ne4 12. Bd3 Nxe5 13. Bxe5 Bxe5 14. Nxe5 f6 $36 {[%mdl 2048] Black has the initiative.} 15. Ng4 e5 16. Ne3 exd4 17. cxd4 (17. Bxe4 $5 dxe4 18. Qxd4 $11) 17... Qf4 {[%csl Ge4][%cal Rf4f2] [#]} 18. Bxe4 Qxe4 19. h6 Ba6 20. Qg4 (20. hxg7 $11 Rfe8 21. Rc1 (21. Qh5 $2 Rac8 $19)) 20... Qxg4 $17 21. Nxg4 Rfe8+ 22. Ne3 {[#]} Rac8 $1 {[%cal Rc8c2] ...Rc2 is the strong threat.} 23. Kd2 Re4 24. Rhd1 Rxd4+ 25. Ke1 Rh4 {And now ...d4 would win.} 26. f3 Rxh6 27. Kf2 Rh5 28. Rd4 Re5 29. a4 Bb7 30. Rad1 Rce8 31. R1d3 h5 32. b4 Kf7 33. Nxd5 Bxd5 34. Rxd5 Rxd5 35. Rxd5 {[%mdl 4096] Endgame KR-KR} g5 36. a5 bxa5 (36... Ke6 $17 37. Rb5 bxa5 38. Rxa5 Rb8) 37. Rxa5 $15 Re7 38. f4 gxf4 39. Rxh5 {The position is equal.} Re4 40. Rh7+ Kg6 41. Rxa7 Rxb4 {Accuracy: White = 81%, Black = 84%.} 1/2-1/2

[Event "Prague Festival Challengers 2020"]
[Site "Prague"]
[Date "2020.02.15"]
[Round "4.1"]
[White "Nguyen, Thai Dai Van"]
[Black "Stefansson, Hannes"]
[Result "1/2-1/2"]
[WhiteElo "2560"]
[BlackElo "2529"]
[Annotator "TA"]
[PlyCount "92"]
[EventDate "2020.02.12"]
[EventType "tourn"]
[EventCountry "CZE"]
[SourceTitle "playchess.com"]
[Source "ChessBase"]
[SourceQuality "1"]

{[%evp 17,92,0,2,0,0,0,20,20,31,26,16,7,13,0,57,19,19,14,19,19,19,19,19,19,24,19,75,58,58,19,19,19,19,11,11,11,9,11,10,10,7,2,1,4,4,4,4,4,4,4,4,0,1,0,0,0,24,0,0,0,0,0,0,-116,0,0,0,0,0,0,0,0,0,0,0,0,0]} 1. e4 e5 2. Nf3 Nf6 3. d4 Nxe4 4. Bd3 d5 5. Nxe5 Nd7 6. Nxd7 Bxd7 7. O-O Bd6 8. Nc3 Nxc3 9. bxc3 O-O {[#]} 10. Qh5 $1 {[%csl Gd3][%cal Rh5h7][%mdl 512] C43: Petroff Defence: 3 d4.} f5 $1 11. Re1 {11.Rb1 is not played anymore.} Qf6 12. Qf3 c6 13. Bf4 Rae8 14. h4 {[#]} Re6 $146 ({Predecessor:} 14... g6 15. Qg3 Bxf4 16. Qxf4 Rxe1+ 17. Rxe1 Re8 18. Rxe8+ Bxe8 19. Qb8 Kf8 20. Qxa7 Qxh4 21. Qxb7 {1-0 (43) Zhigalko,S (2641)-Ladva,O (2522) Katowice 2017}) 15. a4 Rfe8 ({Better is} 15... Qxh4 $11 16. Rxe6 Bxf4) 16. Rxe6 Qxe6 17. Qg3 Bxf4 18. Qxf4 Qf7 19. Rb1 Bc8 20. a5 a6 21. Kf1 Kf8 (21... Qe6 $11) 22. g3 h6 23. Kg2 Kg8 24. Rh1 Qe7 25. c4 Qb4 26. cxd5 cxd5 27. Ra1 Qb2 28. Rc1 Qc3 29. Rb1 Qxa5 30. Bxf5 Qd8 $1 {White should prevent ...Rf8.} 31. Bg6 Rf8 $132 {[%mdl 2048] Black has counterplay} 32. Qe5 Qf6 33. Qxf6 Rxf6 $11 {[%mdl 4096] Endgame KRB-KRB} 34. h5 b5 35. Re1 Be6 36. f4 a5 37. Ra1 a4 38. Be8 Bf5 {Threatens to win with ...Rb6.} 39. Bxb5 {aiming for c4.} Bxc2 40. Rc1 ({Don't play} 40. Bxa4 Ra6 $17) (40. Ra2 $11 {keeps the balance.} Bb3 41. Ra3) 40... Rb6 (40... Be4+ $17 41. Kf2 a3) 41. Rxc2 {The position is equal.} Rxb5 {KR-KR} 42. Rc8+ Kf7 43. Ra8 Rb4 44. Kf3 Rxd4 45. Ra7+ Kf6 46. Ra6+ Kf7 {Accuracy: White = 90%, Black = 90%.} 1/2-1/2

[Event "Prague Festival Challengers 2020"]
[Site "Prague"]
[Date "2020.02.15"]
[Round "4.2"]
[White "Cernousek, Lukas"]
[Black "Piorun, Kacper"]
[Result "1/2-1/2"]
[WhiteElo "2442"]
[BlackElo "2611"]
[Annotator "TA"]
[PlyCount "149"]
[EventDate "2020.02.12"]
[EventType "tourn"]
[EventCountry "CZE"]
[SourceTitle "playchess.com"]
[Source "ChessBase"]
[SourceQuality "1"]

{[%evp 16,149,7,6,32,32,32,32,45,37,73,68,68,74,83,35,35,27,28,33,38,33,73,87,82,68,60,25,24,35,33,8,12,8,43,38,48,0,40,0,28,14,20,18,58,33,39,0,0,0,0,0,0,0,0,0,0,-3,0,0,0,0,0,0,0,0,0,0,0,0,0,0,0,0,0,0,0,0,0,0,0,0,0,0,0,0,0,0,0,0,0,0,0,0,0,0,0,0,0,0,0,0,0,0,0,0,0,0,0,0,0,0,0,0,0,0,0,0,0,0,0,0,0,0,0,0,0,0,0,0,0,0,0,0,0,0]} 1. e4 c5 2. Nf3 e6 3. c4 Nc6 4. d4 cxd4 5. Nxd4 Nf6 6. Nc3 Bb4 7. Nxc6 bxc6 8. Bd3 e5 9. O-O Bc5 {B44: Sicilian: Taimanov: 5 Nb5.} 10. Re1 {[#]} d6 $146 ({Predecessor:} 10... O-O 11. Na4 Bd4 12. Be3 Bxe3 13. Rxe3 d5 14. exd5 cxd5 15. Rxe5 Ng4 16. Rh5 g6 17. Rh3 Nxf2 18. Kxf2 Bxh3 19. gxh3 dxc4 20. Bf1 Qc7 21. Kg1 Rad8 22. Qc2 {½-½ (22) Rambaldi,F (2558)-Milliet,S (2400) Brest 2019}) 11. Be3 Bxe3 {White is slightly better.} 12. Rxe3 Rb8 13. Qd2 O-O 14. Be2 Ne8 15. c5 Qe7 16. cxd6 Nxd6 17. Rd1 Nb7 $1 18. Na4 Nd8 19. Qc3 Qc7 20. Nc5 (20. Rd5 {looks sharper.} Re8 21. b3 Kh8 22. Ra5 f6 23. Nc5) 20... Ne6 21. Nxe6 Bxe6 22. b3 Rfd8 23. Rc1 h6 24. h3 Rbc8 25. Ba6 Rb8 26. Be2 Rbc8 27. Ba6 Rb8 28. Rd3 Rxd3 29. Bxd3 Qd6 30. Be2 Rb4 31. Bf3 a5 {The position is equal.} 32. Rd1 Qc7 33. Qc5 Rb5 $1 {[%cal Rb5c5]} 34. Qd6 (34. Qc2 {feels hotter.} Rb4 35. Rc1 a4 36. bxa4 Rc4 37. Qd1) 34... Qxd6 $1 35. Rxd6 $11 {[%mdl 4096] Endgame KRB-KRB} Rc5 36. Rd8+ Kh7 37. Rd2 Kg6 38. Bg4 Kf6 39. Kf1 a4 (39... Bxg4 {is more complex.} 40. hxg4 Rc1+ 41. Ke2 Kg5 42. Rd7 Rc2+) 40. Bxe6 {[#] Bc4 is the strong threat.} Kxe6 {KR-KR} 41. Ke2 axb3 42. axb3 Rb5 43. Rd3 Rb4 44. f3 g6 45. Kd2 c5 46. Kc3 Rd4 47. Rd2 f5 48. exf5+ gxf5 49. Ra2 e4 50. fxe4 fxe4 51. Ra6+ Kd5 52. Rxh6 Rd3+ 53. Kc2 Rg3 54. h4 Rxg2+ 55. Kc3 Rg3+ 56. Kc2 Kd4 57. Rd6+ Ke5 58. Rc6 Kd5 59. Rc8 Rh3 60. Rd8+ Ke5 61. Rc8 Kd4 62. Rd8+ Ke3 63. Rd5 Kf2 64. Rxc5 e3 {Threatens to win with ...e2.} 65. Re5 Ke1 66. b4 e2 67. b5 Rxh4 68. Kd3 Rh3+ 69. Kc4 Kd2 {[#]} 70. Rxe2+ $1 {[%mdl 512]} Kxe2 71. b6 Rh8 72. Kd5 Kd3 73. b7 Rb8 74. Kc6 Rxb7 75. Kxb7 {Accuracy: White = 90%, Black = 91%.} 1/2-1/2

[Event "Prague Festival Challengers 2020"]
[Site "Prague"]
[Date "2020.02.15"]
[Round "4.3"]
[White "Esipenko, Andrey"]
[Black "Van Foreest, Jorden"]
[Result "1/2-1/2"]
[WhiteElo "2654"]
[BlackElo "2667"]
[Annotator "TA"]
[PlyCount "60"]
[EventDate "2020.02.12"]
[EventType "tourn"]
[EventCountry "CZE"]
[SourceTitle "playchess.com"]
[Source "ChessBase"]
[SourceQuality "1"]

{[%evp 11,60,20,16,19,27,8,9,0,8,13,55,11,14,7,12,7,6,7,6,11,11,9,9,13,8,7,0,0,11,14,13,13,28,0,0,0,0,0,0,0,0,0,0,0,0,0,0,0,0,0,0]} 1. d4 d5 2. c4 dxc4 3. e3 Nf6 4. Bxc4 e6 5. Nf3 c5 6. O-O Nc6 7. Nc3 {D26: Queen's Gambit Accepted: 4 e3 e6 5 Bxc5 c5 sidelines.} a6 8. d5 Na5 9. b3 b5 $1 {[%cal Rb5c4]} 10. Bd3 $1 {[#]} b4 $146 ({Predecessor:} 10... Nxd5 11. Nxd5 exd5 12. Bb2 Nc6 13. a4 b4 14. Qc2 Bg4 15. Rad1 Bxf3 16. gxf3 Bd6 {1-0 (44) Sarana,A (2664)-Xu,X (2583) Moscow 2019}) 11. Ne4 {next dxe6 is good for White.} exd5 12. Nxf6+ Qxf6 13. Rb1 Nc6 14. e4 Bg4 $1 15. exd5 Bxf3 $1 16. Re1+ Be7 17. Qxf3 Qxf3 18. gxf3 Nd4 19. Kg2 {[#] Strongly threatening d6.} Kd7 20. Be3 g6 21. Rbc1 Rhc8 22. Bxd4 (22. h4 $5) 22... cxd4 {The position is equal.} 23. Rc6 Rxc6 24. dxc6+ $11 {[%mdl 4096] Endgame KRB-KRB} Kd6 25. Re4 Bf6 26. Rf4 Ke5 27. Re4+ Kd6 28. Rf4 Ke5 29. Re4+ Kd6 30. Rf4 Ke5 {Accuracy: White = 89%, Black = 95%.} 1/2-1/2

[Event "Prague Festival Challengers 2020"]
[Site "Prague"]
[Date "2020.02.15"]
[Round "4.4"]
[White "Krejci, Jan"]
[Black "Bartel, Mateusz"]
[Result "0-1"]
[WhiteElo "2559"]
[BlackElo "2639"]
[Annotator "TA"]
[PlyCount "80"]
[EventDate "2020.02.12"]
[EventType "tourn"]
[EventCountry "CZE"]
[SourceTitle "playchess.com"]
[Source "ChessBase"]
[SourceQuality "1"]

{[%evp 12,86,28,18,58,45,47,33,34,41,54,26,27,26,-8,9,30,-56,-12,-11,-12,-40,-21,-55,0,0,0,0,47,35,36,0,21,30,37,0,6,-100,-78,-75,-77,-66,-17,0,0,-75,0,0,0,0,0,-14,-14,-14,0,-329,-330,-435,-290,-297,-301,-411,-406,-393,-390,-383,-375,-381,-381,-381,-373,-341,-266,-422,-418,-502,-499]} 1. Nf3 d5 2. d4 Nf6 3. c4 e6 4. Nc3 Nbd7 5. Bg5 h6 6. Bh4 c6 7. e3 g5 $1 {[%mdl 4] is recently more successful than 7...Be7. D51: Queen's Gambit Declined: 4 Bg5 Nbd7 sidelines.} 8. Bg3 Nh5 9. Be5 Nxe5 {White is slightly better.} 10. Nxe5 Nf6 11. Bd3 (11. Be2 {seems wilder.} Bg7 12. O-O Nd7 13. f4 O-O 14. Qd3) 11... Nd7 {[#]} 12. O-O $146 (12. Nf3 {is interesting.} dxc4 13. Bxc4 Bg7 14. O-O O-O 15. h3) ({Predecessor:} 12. Nxd7 Bxd7 13. Qh5 Bg7 14. h4 c5 15. cxd5 cxd4 16. Ne4 Qa5+ 17. Ke2 Qxd5 18. hxg5 {½-½ (35) Postny,E (2616)-Artemiev,V (2658) Novi Sad 2016}) 12... Nxe5 13. dxe5 Bd7 14. Qh5 ({White should try} 14. Rc1 $11) 14... Qc7 15. f4 Bc5 16. Rae1 O-O-O {Black wants to play ...gxf4.} 17. Kh1 (17. Qxf7 $2 Rhf8 $17) 17... Kb8 (17... Bxe3 $15 18. cxd5 (18. Rxe3 d4 $11) 18... gxf4) 18. Qxf7 $11 h5 19. cxd5 cxd5 20. Bb5 Rhf8 21. Qg6 Rg8 22. Qd3 Bc8 23. Rc1 {Strongly threatening Na4.} (23. Na4 $5 {[%cal Re1c1]} gxf4 24. Nxc5 $14 (24. exf4 Bf8 $14)) 23... Qg7 {...gxf4 is the strong threat.} 24. Rc2 {[#]} (24. Qe2 $1 $11 {was the only way to keep the balance.}) 24... a6 $1 $17 {[%mdl 1024] Hoping for ...gxf4. Black has strong compensation.} 25. Ba4 Bb6 26. Bb3 Bd7 27. Ba4 $1 Bc8 (27... h4 $11) 28. Bb3 $1 gxf4 ({Black should play} 28... h4 $17) 29. exf4 $11 Bd7 30. Ba4 $1 d4 31. Bxd7 {And now Na4 would win.} dxc3 32. Rd1 Qg4 {Threatens to win with ...Rg7.} 33. h3 $2 {[%mdl 8192]} ({Not} 33. bxc3 $2 Rg7 $19) (33. f5 $1 $11 Rgf8 34. fxe6 Qxe6 35. Bxe6 Rxd3 36. Rb1) 33... Qxf4 $19 34. Rxc3 Rg7 35. Qd6+ Ka7 {( -> ...Rxg2!)} 36. Rc8 Rxc8 37. Bxc8 Qg3 {[%csl Gg7][%cal Rg3g2]} ({Less strong is} 37... Qf2 38. Qd2 $15) 38. Qd2 Bf2 {[%csl Gg7][%cal Rg3g2]} 39. Bxb7 Kxb7 {[%csl Gg7][%cal Rg3g2]} 40. Qb4+ {[#]} Bb6 {Played: Kb7-a7} 0-1

[Event "Prague Festival Challengers 2020"]
[Site "Prague"]
[Date "2020.02.15"]
[Round "4.5"]
[White "Abasov, Nijat"]
[Black "Kriebel, Tadeas"]
[Result "1-0"]
[WhiteElo "2670"]
[BlackElo "2524"]
[Annotator "TA"]
[PlyCount "73"]
[EventDate "2020.02.12"]
[EventType "tourn"]
[EventCountry "CZE"]
[SourceTitle "playchess.com"]
[Source "ChessBase"]
[SourceQuality "1"]

{[%evp 13,73,23,33,11,7,9,19,15,11,13,10,10,0,21,17,16,25,13,10,18,20,4,101,79,120,31,60,31,29,39,29,29,134,119,128,130,131,125,162,162,158,155,145,135,181,158,187,174,317,315,332,320,436,428,725,679,727,726,692,671,652,631]} 1. c4 e6 2. Nc3 Nf6 3. e4 d5 4. e5 d4 5. exf6 dxc3 6. bxc3 Qxf6 7. d4 b6 8. Be2 $1 {[%mdl 4] is recently more successful than 8.Nf3. A18: English Opening: Flohr-Mikenas System (1 c4 Nf6 2 Nc3 e6 3 e4).} Bb7 9. Bf3 Bxf3 10. Nxf3 {The position is equal.} Bd6 11. Qa4+ c6 12. O-O O-O 13. Rb1 $36 {[%mdl 2048] White has some pressure.} Qf5 14. Rxb6 axb6 15. Qxa8 Qd3 16. Qa4 Qxc3 17. Be3 {[#]} Rd8 $146 (17... Qb4 $11 18. Qxb4 Bxb4) ({Predecessor:} 17... Qa3 18. Qxa3 Bxa3 19. Rb1 b5 20. cxb5 cxb5 21. Rxb5 Rd8 22. Kf1 Nc6 23. Ke2 Ra8 {1-0 (39) Pantzar,M (2326)-Tifferet,S (2254) Porto Carras 2018}) 18. Rb1 $1 $16 Bc7 19. h3 (19. Bd2 $16 Qd3 20. Rb3) 19... f6 20. Re1 Qd3 21. Rd1 Qf5 22. Qb3 Kh8 (22... Nd7 $11 {keeps the balance.}) 23. d5 $1 {[%cal Rd5d6]} exd5 24. Bxb6 Bxb6 25. Qxb6 {[%cal Rb6d8]} Qc8 26. cxd5 cxd5 27. a4 {[%cal Ba2a4,Ba4a5,Ba5a6,Ba6a7][%mdl 32]} Nd7 28. Qd4 Nf8 {[#]} 29. a5 $1 Qc6 30. Qb4 Ne6 (30... Qd6 $142 31. Qxd6 Rxd6) 31. Re1 $18 {Black must now prevent Qe7.} Kg8 {[#]} 32. a6 $1 {[%mdl 512]} Ra8 {[#]} (32... Qxa6 33. Qe7) 33. a7 $1 {[%mdl 512] White is clearly winning.} Nf8 (33... Qc8 $142 34. Qb6 h6 35. Rxe6 Rxa7) (33... Rxa7 34. Qb8+) 34. Re7 Qa6 {[#]} 35. Qb8 $1 {[%mdl 512]} Qc8 36. Qxc8 Rxc8 37. Rb7 {Accuracy: White = 90%, Black = 43%.} 1-0